Vizuálny štýl ako symbol firemnej identity firemný dizajn znamená okrem vonkajšej prezentácie aj možnosť odlíšenia
Definícia pojmu vizuálny štýl (firemný dizajn). Vizuálne prejavy firmy tvoria: logotyp, formový raster, firemné farby a písmo a ostatné prostriedky firemného dizajnu. Brand design - dizajn značky. Product design - vizuálne riešenie konkrétnych výrobkov firmy. Vzťah vizuálneho štýlu a corporate ident...
Na minha lista:
| Formato: | Capítulo de Livro |
|---|---|
| Idioma: | eslovaco |
| Assuntos: | |
| Tags: |
Sem tags, seja o primeiro a adicionar uma tag!
|
MARC
| LEADER | 00000naa a2200000 4500 | ||
|---|---|---|---|
| 001 | r037121 | ||
| 005 | 20230824102242.6 | ||
| 041 | 0 | |a slo | |
| 044 | |a SK | ||
| 245 | 1 | 0 | |a Vizuálny štýl ako symbol firemnej identity |b firemný dizajn znamená okrem vonkajšej prezentácie aj možnosť odlíšenia |
| 520 | |a Definícia pojmu vizuálny štýl (firemný dizajn). Vizuálne prejavy firmy tvoria: logotyp, formový raster, firemné farby a písmo a ostatné prostriedky firemného dizajnu. Brand design - dizajn značky. Product design - vizuálne riešenie konkrétnych výrobkov firmy. Vzťah vizuálneho štýlu a corporate identity. | ||
| 610 | 2 | 0 | |a identita podniková |
| 610 | 2 | 0 | |a dizajn |
| 610 | 2 | 0 | |a značky výrobné |
| 610 | 2 | 0 | |a logo |
| 610 | 2 | 0 | |a propagácia |
| 610 | 2 | 0 | |a podnik |